000 00584nam a2200229Ia 4500
003 OSt
005 20220924143412.0
006 a|||||r|||| 00| 0
007 ta
008 220923b |||||||| |||| 00| 0 urd d
024 _a308037
037 _cTextual
040 _aARTS
_cARTS
_burd
041 _2urd
_aurd
082 _aDelta73xKKA,3, 168M5
100 _aWali Kalimullah
_9215532
245 0 _aKashkol kalimi
260 _c1985
650 _aSPIRurdALISM
942 _hDelta73xKKA,3, 168M5
_cTEXL
_2CC
999 _c454336
_d454336